Normal view
MARC view
- Bachelor of Arts
Entry Topical Term
001 - CONTROL NUMBER
- control field: 38483
003 - CONTROL NUMBER IDENTIFIER
- control field: OSt
005 - DATE AND TIME OF LATEST TRANSACTION
- control field: 20190424160732.0
008 - FIXED-LENGTH DATA ELEMENTS
- fixed length control field: 190424|| aca||aabn | a|a d
040 ## - CATALOGING SOURCE
- Original cataloging agency: OSt
- Transcribing agency: OSt
150 ## - HEADING--TOPICAL TERM
- Topical term or geographic name entry element: Bachelor of Arts
- Form subdivision: English
- General subdivision: Undergraduate Thesis.
670 ## - SOURCE DATA FOUND
- Source citation: Work cat.: (OSt): Obeso, Arly Khryss Joyce E. 38482, Depiction of domestic violence in nicholas sparks safe haven :, January 2017.
